书目信息 |
| 题名: |
中老年健身运动
|
|
| 作者: | 冠群 编著 | |
| 分册: | ||
| 出版信息: | 赤峰 内蒙古科学技术出版社 2000.06 |
|
| 页数: | 326页 | |
| 开本: | 32开 | |
| 丛书名: | ||
| 单 册: | ||
| 中图分类: | R161.7 | |
| 科图分类: | ||
| 主题词: | 个人卫生 | |
| 电子资源: | ||
| ISBN: | 7-5380-0760-1 | |
| 000 | 00556nam0 2200193 45 | |
| 001 | 0010251727 | |
| 005 | 20001026172153.9 | |
| 010 | @a7-5380-0760-1@d18.00元 | |
| 100 | @a20001025d2000 km y0chiy0120 ea | |
| 101 | 0 | @achi |
| 105 | @a z 000yy | |
| 200 | 1 | @a中老年健身运动@AZhong Lao Nian Jian Shen Yun Dong@f冠群编著@FGuan Qun Bian Zhu |
| 210 | @a赤峰@c内蒙古科学技术出版社@d2000.06 | |
| 215 | @a326页@d32开 | |
| 606 | 0 | @a个人卫生 |
| 690 | @aR161.7@v3 | |
| 701 | 0 | @a冠群@4编著 |
| 801 | @aCN@bPftUser@c20001025 | |
| 905 | @dR161.7@eG.714@b191370-374@f5 | |
| 中老年健身运动/冠群编著.-赤峰:内蒙古科学技术出版社,2000.06 |
| 326页;32开 |
| ISBN 7-5380-0760-1:18.00元 |
| ● |
| 相关链接 |
|
|
|
正题名:中老年健身运动
索取号:R161.7/G.714
 
预约/预借
| 序号 | 登录号 | 条形码 | 馆藏地/架位号 | 状态 | 备注 |
| 1 | 191370 | 201913705 | 自科库401/401自科库 6排2列2层/ [索取号:R161.7/G.714] | 在馆 | |
| 2 | 191371 | 201913714 | 自科库401/401自科库 6排2列2层/ [索取号:R161.7/G.714] | 在馆 | |
| 3 | 191372 | 201913723 | 自科库401/401自科库 6排2列2层/ [索取号:R161.7/G.714] | 在馆 | |
| 4 | 191373 | 201913732 | 自科库401/401自科库 6排2列2层/ [索取号:R161.7/G.714] | 在馆 | |
| 5 | 191374 | 201913741 | 自科库401/401自科库 6排2列2层/ [索取号:R161.7/G.714] | 在馆 |